Tallest Mountains in The USA - Statistics

General Stats
  • This quiz has been taken 45 times
  • The average score is 6 of 20
Answer Stats
Hint Answer % Correct
Alaska Denali
92%
Washington Rainier
76%
California Whitney
74%
Colorado Elbert
53%
Alaska Saint Elias
42%
Colorado Harvard
29%
Colorado Massive
29%
Alaska Bear
16%
Colorado Blanca Peak
16%
Alaska Foraker
16%
Alaska Hunter
16%
Colorado La Plata Peak
16%
California Williamson
16%
Alaska Blackburn
13%
Alaska Bona
13%
Alaska Fairweather
13%
Alaska Alverstone
11%
Alaska Hubbard
11%
Alaska Sanford
11%
Alaska University Peak
11%
No matching quizzes found
Score Distribution
Percent of People with Each Score
Percentile by Number Answered
Your Score History
You have not taken this quiz